含牛的常见四字成语 Common 4-character idioms with “Cattle” - Statistics

General Stats
  • This quiz has been taken 6 times
  • The average score is 16 of 98
Answer Stats
成语 % Correct
mw 目无全牛
80%
qc 气冲斗牛
80%
dn 对牛弹琴
60%
hn 汗牛充栋
60%
nl 牛郎织女
60%
pd 庖丁解牛
60%
dr 多如牛毛
40%
jn 九牛一毛
40%
nd 牛刀小试
40%
ng 牛高马大
40%
ng 牛鬼蛇神
40%
nm 牛毛细雨
40%
nn 泥牛入海
40%
nt 牛头马面
40%
qc 气喘如牛
40%
zn 钻牛角尖
40%
cn 吹牛拍马
20%
cn 椎牛飨士
20%
cx 床下牛斗
20%
fn 放牛归马
20%
fn 服牛乘马
20%
js 鸡尸牛从
20%
kd 扛鼎抃牛
20%
ln 老牛舐犊
20%
mb 马勃牛溲
20%
mm 马面牛头
20%
mn 马牛襟裾
20%
nd 牛鼎烹鸡
20%
nh 牛黄狗宝
20%
nj 牛骥同皂
20%
nj 牛角挂书
20%
nj 牛角书生
20%
nj 牛角之歌
20%
ns 牛溲马勃
20%
nt 牛童马走
20%
ny 牛衣对泣
20%
ny 牛衣岁月
20%
qc 气冲牛斗
20%
qt 气吞牛斗
20%
qw 齐王舍牛
20%
rn 如牛负重
20%
sm 散马休牛
20%
tn 童牛角马
20%
tn 土牛木马
20%
wn 问牛知马
20%
wn 吴牛喘月
20%
xn 犀牛望月
20%
xn 休牛归马
20%
xt 蹊田夺牛
20%
xz 犀照牛渚
20%
yn 一牛九锁
20%
yn 一牛鸣地
20%
yy 以羊易牛
20%
zm 争猫丢牛
20%
zq 壮气吞牛
20%
bn 搏牛之虻
0%
bz 版筑饭牛
0%
cd 充栋汗牛
0%
cn 槌牛酾酒
0%
cn 椎牛发冢
0%
cy 喘月吴牛
0%
dn 带牛佩犊
0%
dn 对牛鼓簧
0%
fn 饭牛屠狗
0%
gm 归马放牛
0%
hn 汗牛充屋
0%
hn 汗牛塞栋
0%
hn 呼牛作马
0%
jj 襟裾马牛
0%
jm 裾马襟牛
0%
jn 瘠牛羸豚
0%
jn 九牛一毫
0%
js 茧丝牛毛
0%
jx 鲸吸牛饮
0%
mb 马浡牛溲
0%
mj 卖剑买牛
0%
mn 马牛其风
0%
mn 目牛无全
0%
nd 牛刀割鸡
0%
nj 牛骥共牢
0%
nj 牛骥同槽
0%
nk 牛口之下
0%
nm 牛马襟裾
0%
nn 牛农对泣
0%
ns 牛溲马渤
0%
nt 牛蹄之涔
0%
nt 牛蹄之鱼
0%
nt 牛蹄中鱼
0%
nt 牛听弹琴
0%
nx 牛星织女
0%
ny 牛羊勿践
0%
ny 牛衣病卧
0%
ny 牛衣夜哭
0%
qk 气克斗牛
0%
qn 牵牛下井
0%
ts 屠所牛羊
0%
wy 亡羊得牛
0%
xn 休牛散马
0%
No matching quizzes found
Score Distribution
Percent of People with Each Score
Percentile by Number Answered
Your Score History
You have not taken this quiz